| 000 | 00917cam a22002291 4500 | ||
|---|---|---|---|
| 001 | ne 63000828 | ||
| 003 | DLC | ||
| 005 | 20260227111744.0 | ||
| 008 | 820216s1960 ua c 000 0bararc | ||
| 010 | _ane 63000828 | ||
| 035 | _a(OCoLC)8157831 | ||
| 040 |
_aPrinceton Univ. Libr. _cTU _dTU _dDLC |
||
| 042 | _apremarc | ||
| 050 | 0 | 0 |
_aPJ7852.A519 _bZ7 |
| 100 | 1 |
_aJawdat, Ṣāliḥ, _d1912-1976. |
|
| 245 | 1 | 0 |
_aNājī, _bḥayātuhu wa shiʻruh. _cbi-qalam Ṣāliḥ Jawdat. qaddama lahu ʻAbbās Maḥmūd al-ʻAqqād. |
| 260 |
_a[al-Qāhirah, _c1960] |
||
| 300 |
_a156 p. _bport. _c25 cm. |
||
| 490 | 1 |
_aMaṭbūʻāt al-Majlis al-Aʻlā li-Riʻāyat al-Funūn wa-al-Ādāb wa-al-ʻUlūm al-Ijtimāʻīyah, _v18 |
|
| 600 | 1 | 0 |
_aNājī, Ibrāhīm, _d1898-1953. |
| 810 | 1 |
_aUnited Arab Republic. _bal-Majlis al-Aʻlā li-Riʻāyat al-Funūn wa-al-Ādāb wa-al-ʻUlūm al-Ijtimāʻīyah. _tMaṭbūʻāt ; _v18. |
|
| 999 |
_c45799 _d45799 |
||